LEADER 01266nam a2200265 i 4500 001 000000166063 003 CaOOAMICUS 005 20071105000000.0 008 071105s1978 it u000 u ita u 013 $a143431 040 $aSeMil$bita 100 1 $aCoppetti, Marcello.$0(OLS)http://semarc/name/62609 245 10$aGiorgio La Pira, Agente d'Iddio :$bdal "Rapporto segreto di Kruscev" al viaggio ad Hanoi /$cMarcello Coppetti, Franco Vaselli. 260 $aMilano :$bFeltrinelli,$c1978. 300 $a178 p. ;$c21 cm. 500 $aContiene : Indice dei nomi. - Fondo Card. Giovanni Colombo. 650 4$aLa Pira, Giorgio - Pensiero politico.$0(OLS)http://semarc/subject/17413 650 4$aLa Pira, Giorgio - Spiritualitą.$0(OLS)http://semarc/subject/28833 700 1 $aVaselli, Franco.$0(OLS)http://semarc/name/62610 850 $aSeMil 852 $aSeMil$W1$xVenegono$y1$m3J III 338$j117234$B117234$CSeMilBibl$Z2$F129113 $81 941 1 $a3 961 $aLascito: Colombo Card. Giovanni 996 $6245$aGiorgio La Pira, Agente d'Iddio :$bdal "Rapporto segreto di Kruscev" al viaggio ad Hanoi$9(OLS)http://semarc/title/237158 996 $6260$aMilano :$bFeltrinelli$9(OLS)http://semarc/publisher/30237 LEADER 00965nam a2200229 i 4500 001 000000216522 003 CaOOAMICUS 005 20121025000000.0 008 121025s1938 it u000 u ita u 013 $a195416 040 $aSeMil$bita 100 1 $aViolini, Cesare.$0(OLS)http://semarc/name/12174 245 10$aGaleazzo Maria Sforza :$bquinto duca di Milano /$cCesare Violini. 260 $aMilano :$bLa Prora,$c1938. 300 $aX, 283 p., [10] c. di tav. :$bill. ;$c23 cm. 490 0 $aCollana storica de La Prora 600 14$aSforza, Gian Galeazzo Maria <1469-1494>.$0(OLS)http://semarc/subject/22419 830 0$aCollana storica de La Prora.$0(OLS)http://semarc/title/37365 850 $aSeMil 852 $aSeMil$W1$xVenegono$y1$m3O II 150$j166940$B166940$CSeMilBibl$Z2$F177767 $81 996 $6245$aGaleazzo Maria Sforza :$bquinto duca di Milano$9(OLS)http://semarc/title/311287 996 $6260$aMilano :$bLa Prora$9(OLS)http://semarc/publisher/37359